000 00879nam a2200205 a 4500
008 120416s1993 ||||||||||||||||| || u
020 _a0889367086
050 _aZ 674.4 Mea
100 _aMenou, Michel J
245 1 0 _aMeasuring the impact of information on development
_cedited by Michel J. Menou
260 _aOttawa:
_bIDRC
_c1993
300 _axiii, 188p. : ill
350 _a0.00
500 _aIncludes bibliographical references (p. [163]-181) and index.
650 _aINFORMATION SERVICES--DEVELOPING COUNTRIES
650 0 _aDEVELOPING COUNTRIES--ECONOMIC POLICY
650 _aINFORMATION TECHNOLOGY--ECONOMIC ASPECTS--DEVELOPING COUNTRIES
710 _aInternational Development Research Centre (Canada)
995 _D0.00
_FCBU-MAIN LIBRARY (Kitwe)
_H1
_I25.00
_M1
_UAVAILABLE
_ZAnnex Low-Usage Collection
999 _c50873
_d50873